Motif trong nghiên cứu truyện ngắn dân gian: Lý thuyết và ứng dụng

Gespeichert in:
Bibliographische Detailangaben
1. Verfasser: La, Mai Thi Gia (Nghiên cứu)
Format: Buch
Sprache:English
Vietnamese
Veröffentlicht: Hà Nội Hội Nhà Văn 2016
Schlagworte:
Tags: Tag hinzufügen
Keine Tags, Fügen Sie den ersten Tag hinzu!
Thư viện lưu trữ: Trung tâm Học liệu Lê Vũ Hùng, Trường Đại học Đồng Tháp
LEADER 00835pam a22002418a 4500
001 00041578
008 170505s1996 ||||||engsd
005 20180613150603.0
020 # # |a 978 604 53 6935 7 
041 0 # |a vie 
082 0 4 |a 398.2  |b M435T 
100 1 # |a La, Mai Thi Gia  |e Nghiên cứu 
245 1 0 |a Motif trong nghiên cứu truyện ngắn dân gian: Lý thuyết và ứng dụng  |c La Mai Thi Gia 
260 # # |a Hà Nội  |b Hội Nhà Văn  |c 2016 
300 # # |a 400 tr.  |c 21 cm. 
500 # # |a ĐTTS ghi: Hội văn nghệ dân gian Việt Nam 
653 # # |a Dân tộc 
653 # # |a Motif 
653 # # |a Nghiên cứu 
653 # # |a Văn hóa dân gian 
852 # # |j KD.0023732 
910 |d 13/06/2018 
980 # # |a Trung tâm Học liệu Lê Vũ Hùng, Trường Đại học Đồng Tháp